Elements of Wave Mechanics
Tallennettuna:
| Päätekijä: | |
|---|---|
| Aineistotyyppi: | Kirja |
| Kieli: | englanti |
| Julkaistu: |
Bristol
Cambridge University Press
1952
|
| Aiheet: | |
| Tagit: |
Lisää tagi
Ei tageja, Lisää ensimmäinen tagi!
|
MARC
| LEADER | 00000nam a2200000 a 4500 | ||
|---|---|---|---|
| 001 | UCH2271 | ||
| 003 | CL-VaPUC | ||
| 008 | 090604e19520000UK |||||||||||||||||eng|d | ||
| 082 | 0 | 4 | |a 530.124 |b MOT |2 21 |
| 100 | |a Mott, Nevill Francis |e author |9 536983 | ||
| 245 | 1 | 0 | |a Elements of Wave Mechanics |
| 300 | |a 156 p | ||
| 942 | |c BK | ||
| 945 | |d 20090604 00:00:00 |a dcastane | ||
| 260 | |a Bristol |b Cambridge University Press |c 1952 | ||
| 650 | 0 | |a Mecánica |9 260096 | |
| 650 | 0 | |a Teoría cuántica |9 266148 | |
| 650 | 7 | |a CAMPOS MAGNETICOS |2 CL-VaPUC |9 536984 | |
| 650 | 0 | |a Átomos |9 259583 | |
| 650 | 0 | |a Relatividad general (Física) |9 338525 | |
| 583 | |a last modification |c 20090604 00:00:00 |k Rodrigo Vera | ||
| 999 | |c 334056 |d 334054 | ||
| 952 | |0 0 |1 0 |4 0 |6 530_124000000000000_MOT_1952 |7 0 |8 A |9 422847 |a BIBCUR |b BIBCUR |d 2019-11-22 |i 4543173 |o 530.124 MOT 1952 |p 4543173 |r 2025-04-22 |w 2019-11-22 |y BK |k FIS | ||